Elves of Tolkien - Sudden Death - Statistics

General Stats
  • This quiz has been taken 1,034 times
    376 since last reset
  • The average score is 8 of 27
Answers on the Grid
Answers color-coded by a green-red scale on the quiz's grid according to % correct below.
Amroth
Anarion
Balin
Beren
Bergil
Bilbo
Celebrían
Celebrimbor
Círdan
Ciryandil
Curufin
Daeron
Déor
Elessar
Elfhelm
Elfwine
Elrond
Elros
Ëonwë
Erendis
Fëanor
Fimbrethil
Fingon
Finrod
Galadriel
Gandalf
Gil-Galad
Glorfindel
Gwindor
Haleth
Idril
Indis
Ingwë
Legolas
Lórien
Lúthien
Maedhros
Maeglin
Mairon
Mandos
Melian
Nienna
Nienor
Nimrodel
Rían
Rúmil
Saeros
Thingol
Thorondor
Thranduil
Turgon
Túrin
 
Answer Stats
Answer % Correct
Elrond
64%
Celebrimbor
60%
Galadriel
58%
Legolas
51%
Celebrían
47%
Círdan
47%
Glorfindel
37%
Fëanor
34%
Thranduil
34%
Lúthien
31%
Gil-Galad
29%
Amroth
28%
Finrod
25%
Curufin
24%
Fingon
21%
Thingol
21%
Ingwë
19%
Maedhros
19%
Maeglin
17%
Nimrodel
17%
Idril
15%
Turgon
14%
Daeron
13%
Gwindor
11%
Rúmil
9%
Indis
8%
Saeros
8%
No matching quizzes found
Score Distribution
Percent of People with Each Score
Percentile by Number Answered
Your Score History
You have not taken this quiz since the last reset